书目信息 |
| 题名: |
房地产法
|
|
| 作者: | 李延荣 , 周珂 编著 | |
| 分册: | ||
| 出版信息: | 北京 中国人民大学出版社 2000.03 |
|
| 页数: | 236页 | |
| 开本: | 32开 | |
| 丛书名: | ||
| 单 册: | ||
| 中图分类: | D922.181 | |
| 科图分类: | ||
| 主题词: | 法律--中国 | |
| 电子资源: | ||
| ISBN: | 7-300-03360-1 | |
| 000 | 00584nam0 2200205 45 | |
| 001 | 0010051608 | |
| 005 | 20010404103511.3 | |
| 010 | @a7-300-03360-1@d19.00元 | |
| 100 | @a20001005d2000 km y0chiy0120 ea | |
| 101 | 0 | @achi |
| 105 | @a z 000yy | |
| 200 | 1 | @a房地产法@AFang Di Chan Fa@f李延荣,周珂编著@FLi Yan Rong,Zhou Ke Bian Zhu |
| 210 | @a北京@c中国人民大学出版社@d2000.03 | |
| 215 | @a236页@d32开 | |
| 606 | 0 | @a法律@x中国 |
| 690 | @aD922.181@v3 | |
| 701 | 0 | @a李延荣@4编著 |
| 701 | 0 | @a周珂@4编著 |
| 801 | @aCN@bPftUser@c20001005 | |
| 905 | @dD922.181@eL747@b335598-601@f4 | |
| 房地产法/李延荣,周珂编著.-北京:中国人民大学出版社,2000.03 |
| 236页;32开 |
| ISBN 7-300-03360-1:19.00元 |
| ● |
| 相关链接 |
|
|
|
正题名:房地产法
索取号:D922.181/L747
 
预约/预借
| 序号 | 登录号 | 条形码 | 馆藏地/架位号 | 状态 | 备注 |
| 1 | 335598 | 203355984 | 社科库509/422社科库 40排3列2层/ [索取号:D922.181/L747] | 在馆 | |
| 2 | 335599 | 203355993 | 社科库509/509社科库 85排8列1层/ [索取号:D922.181/L747] | 在馆 | |
| 3 | 335600 | 203356000 | 社科库509/422社科库 40排3列2层/ [索取号:D922.181/L747] | 在馆 | |
| 4 | 335601 | 203356019 | 社科库509/422社科库 40排3列2层/ [索取号:D922.181/L747] | 在馆 |